[Event "SR 1. liga zapad 2012/2013"]
[Site "?"]
[Date "2013.03.24"]
[Round "11.3"]
[White "Vass, Frantisek"]
[Black "Peitl, Tomas"]
[Result "0-1"]
[WhiteElo "2292"]
[BlackElo "2220"]
[PlyCount "82"]
[EventDate "2012.??.??"]

1. d4 Nf6 2. g3 d6 3. Bg2 Nbd7 4. c4 e5 5. e3 g6 6. Nc3 Bg7 7. Nge2 O-O 8. O-O
Rb8 9. b4 Re8 10. Bb2 Nb6 11. Qb3 exd4 12. Nxd4 c5 13. bxc5 dxc5 14. Ndb5 Be6
15. Rfd1 Qe7 16. Bf1 Nc8 17. Nd5 Nxd5 18. cxd5 Bg4 19. Rd2 Bxb2 20. Qxb2 Rd8
21. Re1 a6 22. Nc3 b5 23. e4 Nd6 24. e5 b4 25. Ne4 Nxe4 26. Rxe4 Bf3 27. d6
Rxd6 28. exd6 Qxe4 29. Qf6 Qf5 30. Qe7 Qe6 31. Bxa6 Bc6 32. Qxe6 fxe6 33. d7
Rd8 34. Rd6 Bd5 35. Bb5 Kf8 36. Ra6 Ke7 37. f4 Ra8 38. Rb6 Kd8 39. Bc6 Bxc6 40.
Rxc6 Rxa2 41. Rxc5 b3 0-1

[Event "SR 1. liga zapad 2012/2013"]
[Site "?"]
[Date "2013.03.24"]
[Round "11.4"]
[White "Bednar, Jan"]
[Black "Petran, Peter"]
[Result "0-1"]
[WhiteElo "2143"]
[BlackElo "2277"]
[PlyCount "72"]
[EventDate "2012.??.??"]

1. d4 g6 2. c4 Bg7 3. Nc3 c5 4. Nf3 cxd4 5. Nxd4 Nc6 6. Be3 Nf6 7. g3 Ng4 8.
Nxc6 Nxe3 9. Nxd8 Nxd1 10. Rxd1 Kxd8 11. Bg2 Rb8 12. O-O Bxc3 13. bxc3 b6 14.
Rd4 d6 15. Rfd1 Be6 16. e4 Ke8 17. f4 Kf8 18. Kf2 Kg7 19. Ke3 Rhc8 20. Bf1 Rc5
21. Rb1 Ra5 22. Rd2 Rc8 23. Rb4 Ra3 24. Kd4 Rc5 25. Rdb2 Rca5 26. e5 dxe5+ 27.
fxe5 Rxa2 28. Bg2 Ra1 29. Rd2 R5a2 30. Rbb2 Rxb2 31. Rxb2 Rd1+ 32. Ke3 Bxc4 33.
Be4 b5 34. Bc6 a6 35. Bb7 a5 36. Bc6 a4 0-1

[Event "SR 1. liga zapad 2012/2013"]
[Site "?"]
[Date "2013.03.24"]
[Round "11.4"]
[White "Briestensky, Rastislav"]
[Black "Machalova, Maria"]
[Result "1-0"]
[WhiteElo "2296"]
[BlackElo "2105"]
[PlyCount "37"]
[EventDate "2012.??.??"]

1. e4 c5 2. Nf3 Nc6 3. Bb5 g6 4. O-O Bg7 5. Re1 d6 6. c3 a6 7. Bf1 Bg4 8. h3
Bxf3 9. Qxf3 Nf6 10. d3 O-O 11. g3 b5 12. Bg2 Rb8 13. Qd1 b4 14. f4 e5 15. Kh2
bxc3 16. Nxc3 Qc7 17. fxe5 dxe5 18. Qa4 Rfe8 19. Bf1 1-0

[Event "SR 1. liga zapad 2012/2013"]
[Site "?"]
[Date "2013.03.24"]
[Round "11.4"]
[White "Chlpik, Martin"]
[Black "Hecko, Dusan"]
[Result "1-0"]
[WhiteElo "1764"]
[BlackElo "2073"]
[Annotator "Fritz 12 (20s)"]
[PlyCount "71"]
[EventDate "2012.??.??"]

{A48: 1 d4 Nf6 2 Nf3 g6: Torre, London and Colle Systems} 1. d4 Nf6 2. Bf4 d6
3. Nf3 Nbd7 4. h3 g6 5. e3 Bg7 6. Nbd2 O-O 7. Be2 c5 8. c3 a6 9. a4 b6 10. O-O
Bb7 11. Qb3 Qc7 12. Bh2 Rfe8 13. Rfd1 h6 14. Nh4 {N} (14. Bc4 e6 15. Be2 Rad8
$11) 14... Nf8 (14... Bd5 15. Bc4 e6 16. Nhf3 $11) 15. Nc4 $14 N6d7 16. Bd3 Kh7
$2 (16... Rac8 17. Nd2 $14) 17. Na3 (17. Nxd6 $142 exd6 18. Qxf7 $18 Re4 (18...
Be4 19. Bc4 $18) 19. Bc4 h5 20. Nf3 $18) 17... e6 (17... Kg8 $5 $16) 18. Nc4
Bd5 19. dxc5 Nxc5 $14 20. Qxb6 Qe7 21. Nxd6 Nxd3 22. Nxe8 Rxe8 23. Rxd3 Qxh4
24. Rxd5 $2 (24. Qxa6 $5 Ra8 25. Qb5 $14) 24... exd5 $11 25. Qxa6 Ne6 $2 (25...
Re6 26. Qb5 Qc4 27. Rd1 $11) 26. Qb7 Ng5 (26... Nc5 $142 {
would keep Black alive} 27. Qc6 Ne4 28. Qxe8 Qxf2+ 29. Kh1 Qxe3 30. Qxf7 Nf2+
31. Kg1 Ne4+ 32. Kh1 Nf2+ 33. Kg1 Ne4+ 34. Kh1 $11) 27. Bg3 $16 Qc4 28. a5 $18
Ne4 29. a6 Nxg3 30. fxg3 Qc5 31. a7 Rxe3 $2 32. Kh2 Re2 33. a8=Q Qf2 34. Qxd5
Rxb2 35. Qa7 Rb6 36. Qdxf7 1-0

[Event "SR 1. liga zapad 2012/2013"]
[Site "?"]
[Date "2013.03.24"]
[Round "11.4"]
[White "Maslik, Miroslav"]
[Black "Pacher, Milan"]
[Result "1/2-1/2"]
[WhiteElo "2376"]
[BlackElo "2436"]
[PlyCount "52"]
[EventDate "2012.??.??"]

1. d4 Nf6 2. c4 g6 3. g3 Bg7 4. Bg2 O-O 5. Nc3 d6 6. Nf3 Nc6 7. O-O a6 8. Qd3
e5 9. dxe5 dxe5 10. Qxd8 Rxd8 11. Bg5 Be6 12. Nd2 h6 13. Bxf6 Rxd2 14. Bxg7
Kxg7 15. Bxc6 bxc6 16. b3 f5 17. Rfd1 Rd6 18. Kf1 Kf6 19. Ke1 h5 20. h4 g5 21.
hxg5+ Kxg5 22. e3 Rad8 23. f3 Kf6 24. Ke2 Rg8 25. Kf2 Rgd8 26. Ke2 Rg8 1/2-1/2

[Event "SR 1. liga zapad 2012/2013"]
[Site "?"]
[Date "2013.03.24"]
[Round "11.4"]
[White "Matejovic, Juraj"]
[Black "Certek, Pavel"]
[Result "1-0"]
[WhiteElo "2199"]
[BlackElo "2315"]
[PlyCount "79"]
[EventDate "2012.??.??"]

1. e4 c5 2. Nf3 g6 3. d4 cxd4 4. Nxd4 Bg7 5. Nc3 Nc6 6. Be3 Nf6 7. Nxc6 bxc6 8.
e5 Ng8 9. Bd4 Qc7 10. f4 Nh6 11. Bc4 Nf5 12. Bf2 d6 13. exd6 Nxd6 14. Bb3 O-O
15. Qf3 a5 16. Na4 Bf5 17. O-O Be4 18. Qe2 Bf5 19. Rae1 Rfe8 20. Bb6 Qb8 21. g4
Bc8 22. f5 gxf5 23. gxf5 Bf6 24. Qh5 Kh8 25. Kh1 c5 26. Bd5 Bb7 27. Qf3 c4 28.
Bxb7 Nxb7 29. b3 Nd6 30. Bc5 cxb3 31. axb3 Qc7 32. c4 Rab8 33. Re3 Rg8 34. Qd5
Rg5 35. Nc3 Rbg8 36. Bd4 Rd8 37. Bxf6+ exf6 38. Nb5 Qb6 39. Qf3 Rdg8 40. Nc3
1-0

[Event "SR 1. liga zapad 2012/2013"]
[Site "?"]
[Date "2013.03.24"]
[Round "11.4"]
[White "Mikova, Veronika"]
[Black "Ruckschloss, Karol"]
[Result "0-1"]
[WhiteElo "2043"]
[BlackElo "2242"]
[PlyCount "36"]
[EventDate "2012.??.??"]

1. e4 d6 2. d3 g6 3. g3 Bg7 4. Bg2 c5 5. Nf3 Nf6 6. O-O O-O 7. c3 Nc6 8. Nbd2
e5 9. Ne1 d5 10. f4 exf4 11. Rxf4 Be6 12. Qe2 Re8 13. Nc2 Qd7 14. Nb3 b6 15.
Bd2 dxe4 16. dxe4 Rad8 17. Be3 Ne5 18. Rff1 Bc4 0-1

[Event "SR 1. liga zapad 2012/2013"]
[Site "?"]
[Date "2013.03.24"]
[Round "11.4"]
[White "Privara, Igor"]
[Black "Machalova, Erika"]
[Result "1-0"]
[WhiteElo "2278"]
[BlackElo "2073"]
[PlyCount "53"]
[EventDate "2012.??.??"]

1. e4 c5 2. c3 d5 3. exd5 Qxd5 4. d4 Nf6 5. Nf3 cxd4 6. cxd4 a6 7. Nc3 Qd6 8.
Bc4 b5 9. Bb3 Bb7 10. O-O e6 11. Ne5 Nc6 12. Nxc6 Bxc6 13. Bg5 Be7 14. d5 Nxd5
15. Bxe7 Kxe7 16. Ne4 Qf4 17. Qd4 Rhc8 18. Qc5+ Kd7 19. Rfe1 f5 20. g3 Qc7 21.
Ng5 Re8 22. Nxe6 Rxe6 23. Rxe6 Kxe6 24. Re1+ Kd7 25. Bxd5 Qd6 26. Bxc6+ Qxc6
27. Re7+ 1-0

[Event "SR 1. liga zapad 2012/2013"]
[Site "?"]
[Date "2013.03.24"]
[Round "11.4"]
[White "Travenec, Igor"]
[Black "Helbich, Branislav"]
[Result "1-0"]
[WhiteElo "2199"]
[BlackElo "2036"]
[PlyCount "107"]
[EventDate "2012.??.??"]

1. e4 e5 2. Nf3 Nc6 3. d4 exd4 4. Nxd4 Nxd4 5. Qxd4 Qf6 6. e5 Qc6 7. Nc3 a6 8.
Bd2 Bc5 9. Qg4 g6 10. Qg3 d5 11. exd6 Bxd6 12. Bf4 Bxf4 13. Qxf4 Ne7 14. O-O-O
O-O 15. h4 b5 16. Bd3 Bf5 17. Bxf5 Nxf5 18. Nd5 Qd6 19. Qxd6 cxd6 20. g4 Nh6
21. Nf6+ Kg7 22. Rxd6 Rfc8 23. f3 Ng8 24. Ne4 Rc7 25. Rh2 Ne7 26. Rhd2 Raa7 27.
Nf6 Rc8 28. h5 Ng8 29. Ne4 a5 30. Rd7 Rxd7 31. Rxd7 gxh5 32. Nd6 Rc5 33. Rxf7+
Kg6 34. Ra7 hxg4 35. fxg4 b4 36. Ra6 Rd5 37. Nc4+ Kg5 38. Ne3 Re5 39. Kd2 Nf6
40. Ra7 Rc5 41. Kd3 Re5 42. Nc4 Rd5+ 43. Ke2 Rc5 44. Ne3 h5 45. gxh5 Nxh5 46.
Kd3 Nf4+ 47. Ke4 Ne6 48. b3 Nd8 49. Rd7 Rc8 50. Rd5+ Kf6 51. Rxa5 Ke6 52. Nc4
Nc6 53. Ra6 Rc7 54. Ne5 1-0

[Event "SR 1. liga zapad 2012/2013"]
[Site "?"]
[Date "2013.03.24"]
[Round "11.4"]
[White "Zetocha, Claudiu"]
[Black "Rohacek, Miroslav"]
[Result "1/2-1/2"]
[WhiteElo "2360"]
[BlackElo "2308"]
[PlyCount "61"]
[EventDate "2012.??.??"]

1. e4 e5 2. Nf3 Nc6 3. Bc4 Nf6 4. d3 Be7 5. c3 O-O 6. Nbd2 d5 7. Bb3 Re8 8. Qe2
Bf8 9. Nf1 h6 10. h3 Be6 11. g4 dxe4 12. dxe4 Nd7 13. Bc2 a5 14. Be3 a4 15. Ng3
Bc5 16. Nf5 Bxe3 17. Qxe3 Bxf5 18. gxf5 Nb6 19. Rg1 Kh7 20. Bd3 Na5 21. Qe2 Nd7
22. Bb5 a3 23. b4 Nc6 24. Rd1 Qe7 25. Qc4 Nb6 26. Qb3 Red8 27. Ke2 Rd6 28. Rd3
g6 29. fxg6+ fxg6 30. Rgd1 Nd8 31. Bc4 1/2-1/2

[Event "SR 1. liga zapad 2012/2013"]
[Site "?"]
[Date "2013.03.24"]
[Round "11.5"]
[White "Diviak, Rastislav"]
[Black "Nikel, Rastislav"]
[Result "0-1"]
[WhiteElo "2017"]
[BlackElo "2073"]
[PlyCount "70"]
[EventDate "2012.??.??"]

1. e4 e5 2. Nf3 Nc6 3. Bb5 a6 4. Ba4 Nf6 5. O-O Nxe4 6. d4 b5 7. Bb3 d5 8. dxe5
Be6 9. c3 Be7 10. Be3 O-O 11. Nbd2 Na5 12. Bc2 Nxd2 13. Nxd2 Nc4 14. Nxc4 bxc4
15. f4 f5 16. exf6 Bxf6 17. Qh5 h6 18. Qg6 Qd6 19. Qh7+ Kf7 20. f5 Bd7 21. Bxh6
Rh8 22. Qg6+ Kf8 23. Bf4 Qb6+ 24. Kh1 Qxb2 25. Rac1 Be8 26. Qg3 Qxc3 27. Rf3
Qb2 28. Bg5 Be5 29. Qe1 Rxh2+ 30. Kg1 Qd4+ 31. Be3 Qg4 32. Bc5+ Kg8 33. Qe2 Qh4
34. Rh3 Qxh3 35. gxh3 Rxe2 0-1

[Event "SR 1. liga zapad 2012/2013"]
[Site "?"]
[Date "2013.03.24"]
[Round "11.5"]
[White "Hudoba, Ondrej"]
[Black "Pericka, Tomas"]
[Result "0-1"]
[WhiteElo "2140"]
[BlackElo "2029"]
[PlyCount "60"]
[EventDate "2012.??.??"]

1. e4 c5 2. Nf3 Nc6 3. Bb5 Nd4 4. Nxd4 cxd4 5. O-O g6 6. d3 Bg7 7. c3 e6 8.
cxd4 Bxd4 9. Nc3 a6 10. Bc4 b5 11. Bb3 Bb7 12. Kh1 Ne7 13. Bh6 f5 14. f3 Ng8
15. Bd2 Qh4 16. g3 Qd8 17. a4 Qb6 18. axb5 axb5 19. Rxa8+ Bxa8 20. Qc1 Bc6 21.
Ne2 Bg7 22. d4 fxe4 23. d5 Bxd5 24. Bc3 Nf6 25. Bxd5 exd5 26. fxe4 Qe6 27. e5
Ne4 28. Nd4 Qh3 29. Nxb5 Nxg3+ 30. Kg1 Ne2+ 0-1

[Event "SR 1. liga zapad 2012/2013"]
[Site "?"]
[Date "2013.03.24"]
[Round "11.5"]
[White "Husari, Satea"]
[Black "Bury, Rastislav"]
[Result "1-0"]
[WhiteElo "2290"]
[BlackElo "2099"]
[PlyCount "51"]
[EventDate "2012.??.??"]

1. c4 Nf6 2. Nc3 e6 3. Nf3 c6 4. e4 d5 5. e5 Nfd7 6. cxd5 cxd5 7. d4 Nc6 8. Bf4
Be7 9. Rc1 a6 10. h4 O-O 11. Bd3 f6 12. exf6 Nxf6 13. Bb1 Ne4 14. Be3 Bb4 15.
Ng5 e5 16. Bxe4 dxe4 17. Qb3+ Kh8 18. d5 Bxc3+ 19. bxc3 Na5 20. Qb4 Bg4 21. f3
Qxd5 22. fxg4 Nc4 23. Rd1 Qc6 24. Bc5 e3 25. Bxf8 Qxg2 26. Bxg7+ 1-0

[Event "SR 1. liga zapad 2012/2013"]
[Site "?"]
[Date "2013.03.24"]
[Round "11.5"]
[White "Jozefek, Michal"]
[Black "Zatko, Gregor"]
[Result "1/2-1/2"]
[WhiteElo "2060"]
[BlackElo "2148"]
[PlyCount "64"]
[EventDate "2012.??.??"]

1. d4 d5 2. c4 c6 3. Nf3 Nf6 4. e3 Bf5 5. Nc3 e6 6. Qb3 Qb6 7. c5 Qc7 8. Qa4
Nbd7 9. Nh4 Bg4 10. h3 Bh5 11. g4 Bg6 12. Nxg6 hxg6 13. Bg2 e5 14. f4 e4 15.
O-O Be7 16. Bd2 Nf8 17. Be1 Ne6 18. Bg3 g5 19. Ne2 gxf4 20. exf4 Qd7 21. Rae1
Ng8 22. f5 Ng5 23. Nf4 Nf6 24. h4 Nf3+ 25. Rxf3 exf3 26. Bxf3 Kf8 27. Nd3 Ne4
28. Ne5 Qd8 29. Bxe4 Bxh4 30. Qb3 Bxg3 31. Qxg3 dxe4 32. Rxe4 Rc8 1/2-1/2

[Event "SR 1. liga zapad 2012/2013"]
[Site "?"]
[Date "2013.03.24"]
[Round "11.5"]
[White "Lecky, Juraj"]
[Black "Ocko, Martin"]
[Result "1/2-1/2"]
[WhiteElo "1810"]
[BlackElo "1661"]
[PlyCount "86"]
[EventDate "2012.??.??"]

1. e4 e5 2. Nf3 Nc6 3. Bb5 a6 4. Ba4 Nf6 5. O-O b5 6. Bb3 Be7 7. Re1 O-O 8. h3
d6 9. c3 Na5 10. Bc2 c5 11. d4 Qc7 12. Nbd2 c4 13. Nf1 Re8 14. Ng3 Nb7 15. a4
Bd7 16. Be3 Rec8 17. Kh1 Nd8 18. Nh4 g6 19. Nf3 Ne6 20. Qd2 bxa4 21. Bxa4 Bxa4
22. Rxa4 Qc6 23. Qc2 Qc7 24. dxe5 dxe5 25. Nd2 Qb8 26. Nxc4 Qb5 27. Nb6 Nc5 28.
Bxc5 Bxc5 29. Nxc8 Rxc8 30. Rea1 Rc6 31. b4 Bxb4 32. Rb1 Rxc3 33. Qxc3 Bxc3 34.
Rxb5 axb5 35. Ra8+ Kg7 36. Rb8 b4 37. Rb7 h5 38. f3 Ne8 39. Ne2 Nd6 40. Rd7 Nb5
41. Rb7 Nd4 42. Nc1 Nc6 43. Na2 Na5 1/2-1/2

[Event "SR 1. liga zapad 2012/2013"]
[Site "?"]
[Date "2013.03.24"]
[Round "11.5"]
[White "Nemeckay, Rastislav"]
[Black "Svaralova, Monika"]
[Result "1/2-1/2"]
[WhiteElo "1980"]
[BlackElo "2021"]
[PlyCount "67"]
[EventDate "2012.??.??"]

1. e4 e6 2. Qe2 Ne7 3. Nf3 d5 4. d3 b6 5. g3 Bb7 6. Bg2 Nd7 7. O-O c5 8. exd5
Nxd5 9. Ng5 Rb8 10. Re1 Nc7 11. Bxb7 Rxb7 12. Nxh7 Be7 13. f4 Nf6 14. Nxf6+
Bxf6 15. Nc3 Nd5 16. Nxd5 Qxd5 17. Qe4 Bd4+ 18. Kg2 Qh5 19. h4 Rd7 20. f5 O-O
21. c3 Bf6 22. fxe6 Re7 23. Qf3 Qxf3+ 24. Kxf3 fxe6 25. Ke4 Rd7 26. Bf4 Rfd8
27. Rad1 Kf7 28. h5 e5 29. Be3 c4 30. d4 exd4 31. cxd4 Re8+ 32. Kf3 Bxd4 33.
Bxd4 Rxe1 34. Rxe1 1/2-1/2

[Event "SR 1. liga zapad 2012/2013"]
[Site "?"]
[Date "2013.03.24"]
[Round "11.5"]
[White "Pagerka, Martin"]
[Black "Balog, Imre"]
[Result "1-0"]
[WhiteElo "2261"]
[BlackElo "2554"]
[PlyCount "93"]
[EventDate "2012.??.??"]

1. e4 e6 2. d4 d5 3. Nc3 Nf6 4. e5 Nfd7 5. f4 c5 6. Nf3 Nc6 7. Be3 b6 8. Be2
Be7 9. O-O O-O 10. Qd2 Bb7 11. Kh1 Rc8 12. a3 f5 13. exf6 Nxf6 14. Ng5 Qd6 15.
Rad1 h6 16. dxc5 Qd7 17. cxb6 hxg5 18. fxg5 Nh7 19. bxa7 Rxf1+ 20. Bxf1 Nf8 21.
Na4 Nxa7 22. Nb6 Qc6 23. Nxc8 Nxc8 24. Bd4 Nd6 25. Bd3 Ne4 26. Bxe4 dxe4 27.
Be3 Qb5 28. Qc1 Ng6 29. c4 Qa4 30. Rf1 Ba6 31. b4 Ne5 32. Bd4 Nd3 33. Qc3 Bf8
34. h3 Qd7 35. b5 Bb7 36. g6 e5 37. Be3 Qc8 38. c5 Bxc5 39. Qb3+ Kh8 40. Bxc5
Qxc5 41. Qf7 Bd5 42. Qf8+ Bg8 43. Qxc5 Nxc5 44. Rf8 e3 45. Kg1 e2 46. Kf2 Ne4+
47. Ke1 1-0

[Event "SR 1. liga zapad 2012/2013"]
[Site "?"]
[Date "2013.03.24"]
[Round "11.6"]
[White "Capak, Stefan"]
[Black "Detko, Jan"]
[Result "1-0"]
[WhiteElo "2040"]
[BlackElo "2163"]
[PlyCount "63"]
[EventDate "2012.??.??"]

1. d4 e6 2. Nf3 Nf6 3. Bg5 h6 4. Bh4 g5 5. Bg3 Ne4 6. Nbd2 Nxg3 7. hxg3 Bg7 8.
c3 d6 9. e3 b6 10. Bd3 Bb7 11. Be4 Bxe4 12. Nxe4 d5 13. Ned2 Qd7 14. Qe2 c5 15.
Ne5 Bxe5 16. dxe5 Nc6 17. f4 O-O-O 18. O-O-O Kb7 19. Kb1 Ne7 20. Ne4 Nf5 21. g4
Qc6 22. Nxc5+ Qxc5 23. gxf5 exf5 24. Rd4 Qc6 25. Rhd1 g4 26. c4 h5 27. cxd5 Qd7
28. Qd3 Rc8 29. e4 h4 30. exf5 h3 31. g3 h2 32. Qe4 1-0

[Event "SR 1. liga zapad 2012/2013"]
[Site "?"]
[Date "2013.03.24"]
[Round "11.6"]
[White "Dobrotka, Martin"]
[Black "Bombek, Peter"]
[Result "1/2-1/2"]
[WhiteElo "2235"]
[BlackElo "2264"]
[PlyCount "108"]
[EventDate "2012.??.??"]

1. Nf3 Nf6 2. c4 e6 3. d4 d5 4. Nc3 Bb4 5. Bg5 h6 6. Bxf6 Qxf6 7. e3 O-O 8. Qb3
Nc6 9. a3 dxc4 10. Qxc4 Bxc3+ 11. Qxc3 Re8 12. Rc1 e5 13. dxe5 Nxe5 14. Nxe5
Rxe5 15. Be2 c6 16. f4 Re6 17. Qxf6 Rxf6 18. Kf2 Bf5 19. Rhd1 Re8 20. Rc3 Rfe6
21. Bf3 g6 22. g4 Be4 23. Rd7 R6e7 24. Rxe7 Rxe7 25. Bxe4 Rxe4 26. Kf3 Re7 27.
Rd3 Kf8 28. h4 Ke8 29. e4 Rc7 30. e5 c5 31. Ke4 b5 32. Rh3 Rd7 33. Rd3 Rc7 34.
f5 gxf5+ 35. gxf5 c4 36. Rd6 c3 37. bxc3 Rxc3 38. Ra6 Rc4+ 39. Kd5 Rxh4 40.
Rxa7 Ra4 41. Rb7 Rxa3 42. Rxb5 Rd3+ 43. Ke4 Rd1 44. Rb3 Re1+ 45. Kf4 Rf1+ 46.
Rf3 Ra1 47. f6 Ra4+ 48. Kf5 Ra1 49. Rf2 Rb1 50. Rf4 Ra1 51. Rb4 Rf1+ 52. Rf4
Rd1 53. Ra4 Rf1+ 54. Rf4 Ra1 1/2-1/2

[Event "SR 1. liga zapad 2012/2013"]
[Site "?"]
[Date "2013.03.24"]
[Round "11.6"]
[White "Gazik, Viktor"]
[Black "Obona, Jan"]
[Result "1-0"]
[WhiteElo "2059"]
[BlackElo "2147"]
[PlyCount "71"]
[EventDate "2012.??.??"]

1. e4 c5 2. Nf3 d6 3. d3 Nc6 4. g3 g6 5. Bg2 Bg7 6. O-O Nf6 7. c3 O-O 8. Re1
Rb8 9. d4 cxd4 10. cxd4 d5 11. e5 Ne4 12. Be3 Bg4 13. h3 Be6 14. Nbd2 Nxd2 15.
Qxd2 Qd7 16. Ng5 Rbc8 17. Rad1 b6 18. h4 Bf5 19. b3 Nd8 20. Rc1 Ne6 21. Qb4 h6
22. Nxe6 Bxe6 23. a4 Rfd8 24. Bf1 Qb7 25. a5 Rxc1 26. Rxc1 Rc8 27. a6 Qd7 28.
Rxc8+ Qxc8 29. Qxe7 Qc2 30. Qxa7 Qd1 31. Qa8+ Kh7 32. a7 Bh3 33. Qxd5 Qxf1+ 34.
Kh2 Be6 35. Qf3 Qh3+ 36. Kg1 1-0

[Event "SR 1. liga zapad 2012/2013"]
[Site "?"]
[Date "2013.03.24"]
[Round "11.6"]
[White "Jakubek, Peter"]
[Black "Hanko, Pavol"]
[Result "1-0"]
[WhiteElo "2136"]
[BlackElo "2157"]
[PlyCount "67"]
[EventDate "2012.??.??"]

1. d4 Nf6 2. Nc3 d5 3. Bg5 g6 4. e3 Bg7 5. Nf3 O-O 6. Be2 c6 7. O-O Nbd7 8. h3
Qe8 9. Bf4 Ne4 10. Nxe4 dxe4 11. Ne5 Nb6 12. Bh2 f6 13. Nc4 Be6 14. Nxb6 axb6
15. c4 Qf7 16. Qc2 f5 17. Rfd1 Rfc8 18. a4 g5 19. Rac1 Qg6 20. Qb3 Kh8 21. Qxb6
f4 22. exf4 gxf4 23. Bxf4 Bxh3 24. g3 Rf8 25. Qxb7 Rae8 26. Be3 h5 27. Kh2 Bc8
28. Qb6 Bh6 29. d5 Qf5 30. Bxh6 Qh3+ 31. Kg1 Rf3 32. Qd4+ Rf6 33. Bg5 Ref8 34.
d6 1-0

[Event "SR 1. liga zapad 2012/2013"]
[Site "?"]
[Date "2013.03.24"]
[Round "11.6"]
[White "Lakatos, Vladimir"]
[Black "Hlinka, Miroslav"]
[Result "1-0"]
[WhiteElo "2155"]
[BlackElo "2050"]
[PlyCount "55"]
[EventDate "2012.??.??"]

1. c4 Nf6 2. Nc3 e6 3. e4 d6 4. f4 Be7 5. Nf3 c5 6. Be2 Nc6 7. d4 cxd4 8. Nxd4
O-O 9. Be3 Bd7 10. Qd2 Nxd4 11. Bxd4 Bc6 12. Bf3 Qc7 13. O-O Rad8 14. Qf2 b6
15. Rac1 Qb7 16. Qg3 g6 17. Rce1 Nd7 18. f5 e5 19. Be3 Nf6 20. Bh6 Rfe8 21. h4
Kh8 22. fxg6 fxg6 23. Nd5 Bxd5 24. cxd5 Rg8 25. Bd1 Rd7 26. Qh3 Qc7 27. Qe6 Bd8
28. Rxf6 1-0

[Event "SR 1. liga zapad 2012/2013"]
[Site "?"]
[Date "2013.03.24"]
[Round "11.6"]
[White "Motuz, Karol"]
[Black "Gazik, Igor"]
[Result "0-1"]
[WhiteElo "2397"]
[BlackElo "2314"]
[PlyCount "146"]
[EventDate "2012.??.??"]

1. Nf3 g6 2. e4 c5 3. c3 Nf6 4. e5 Nd5 5. d4 cxd4 6. Qxd4 Nc7 7. Qe4 Bg7 8. Bf4
Nc6 9. Nbd2 O-O 10. Nb3 a5 11. Rd1 Ne6 12. Bg3 Qb6 13. Qa4 Nc5 14. Nxc5 Qxc5
15. Qb5 d6 16. exd6 exd6 17. Rxd6 Re8+ 18. Kd1 Qa7 19. Bc4 Bf5 20. Re1 h6 21.
Qd5 Be6 22. Rexe6 fxe6 23. Qe4 Qc5 24. Rxe6 Rxe6 25. Qxe6+ Kh7 26. Bd3 Ne7 27.
Bd6 Qd5 28. Qxd5 Nxd5 29. Kc2 Rd8 30. Bg3 Bf6 31. a3 Rd7 32. h4 Kg7 33. Ne5 Re7
34. Nxg6 Re1 35. h5 a4 36. Nh4 Bg5 37. Bc4 Rc1+ 38. Kd3 Nf4+ 39. Ke4 Nxh5 40.
Be5+ Nf6+ 41. Bxf6+ Bxf6 42. Nf5+ Kg6 43. Bd3 Rd1 44. Nd6 Be7 45. Nxb7 Kf6 46.
Na5 Rd2 47. Bb5 Rxb2 48. Bxa4 Rxf2 49. g4 Bxa3 50. Nc4 Bc5 51. Bd7 Rc2 52. Kd3
Rc1 53. Nd2 Ke5 54. Bc8 Ba7 55. c4 Kf4 56. Nb3 Rd1+ 57. Kc2 Rd8 58. Be6 Rd6 59.
Bc8 Rc6 60. Bd7 Rxc4+ 61. Kd3 Rc7 62. Be6 Re7 63. Bc8 Re8 64. Bb7 Rb8 65. Bd5
Rd8 66. Kc4 Kxg4 67. Nd2 Kf4 68. Ne4 h5 69. Nf6 h4 70. Bb7 h3 71. Nd5+ Kg3 72.
Nc3 h2 73. Ne2+ Kf2 0-1

[Event "SR 1. liga zapad 2012/2013"]
[Site "?"]
[Date "2013.03.24"]
[Round "11.6"]
[White "Pinter, Patrik"]
[Black "Michalek, Matej"]
[Result "1-0"]
[WhiteElo "2164"]
[BlackElo "1898"]
[PlyCount "61"]
[EventDate "2012.??.??"]

1. e4 e6 2. d4 d5 3. Nc3 Nf6 4. e5 Nfd7 5. f4 a6 6. Nf3 c5 7. Ne2 Nc6 8. c3 b5
9. g3 Qb6 10. Bh3 g6 11. O-O a5 12. Be3 Ba6 13. Re1 b4 14. Qd2 Be7 15. Kh1 O-O
16. g4 Rab8 17. Rac1 Rfc8 18. f5 bxc3 19. bxc3 Bxe2 20. Qxe2 cxd4 21. cxd4 Ba3
22. Rcd1 Nb4 23. Bh6 Rc3 24. fxe6 Qxe6 25. Ng5 Qe7 26. Bg2 Rc2 27. Qf3 Rxa2 28.
e6 f5 29. exd7 Qxd7 30. gxf5 gxf5 31. Qg3 1-0

[Event "SR 1. liga zapad 2012/2013"]
[Site "?"]
[Date "2013.03.24"]
[Round "11.6"]
[White "Skrabakova, Katarina"]
[Black "Helbich, Jan"]
[Result "1/2-1/2"]
[WhiteElo "1991"]
[BlackElo "2233"]
[PlyCount "51"]
[EventDate "2012.??.??"]

1. e4 c5 2. Nc3 Nc6 3. f4 g6 4. Nf3 Bg7 5. Bb5 Nd4 6. Bc4 a6 7. a4 e6 8. e5 d5
9. exd6 Qxd6 10. d3 Qc7 11. O-O Ne7 12. Ne4 Nxf3+ 13. Qxf3 Rb8 14. a5 O-O 15.
Be3 Bxb2 16. Bxc5 f5 17. Bd6 fxe4 18. Bxc7 exf3 19. Bxb8 fxg2 20. Kxg2 Bxa1 21.
Rxa1 Nc6 22. Bd6 Rf5 23. Bc7 Rf7 24. Bd6 Rf5 25. Bc7 Rf7 26. Bd6 1/2-1/2

[Event "SR 1. liga zapad 2012/2013"]
[Site "?"]
[Date "2012.10.20"]
[Round "1.4"]
[White "Berek, Geza"]
[Black "Straka, Jozef 1994"]
[Result "0-1"]
[WhiteElo "2158"]
[BlackElo "2348"]
[PlyCount "48"]
[EventDate "2012.??.??"]

1. e4 c5 2. Nf3 e6 3. d4 cxd4 4. Nxd4 Nf6 5. Nc3 d6 6. Be3 Be7 7. f3 O-O 8. Qd2
e5 9. Nb3 Be6 10. O-O-O a5 11. Bb5 Na6 12. Kb1 Qb8 13. g4 Ne8 14. Nxa5 Nec7 15.
Nb3 Rc8 16. h3 Nb4 17. Bd3 d5 18. exd5 Ncxd5 19. Nxd5 Bxd5 20. Rhf1 Rxa2 21.
Bf5 Bxb3 22. Bxc8 Ra1+ 23. Kxa1 Qa8+ 24. Kb1 Qa2+ 0-1

[Event "SR 1. liga zapad 2012/2013"]
[Site "?"]
[Date "2012.10.21"]
[Round "2.4"]
[White "Straka, Jozef 1994"]
[Black "Borosova, Zuzana"]
[Result "1/2-1/2"]
[WhiteElo "2348"]
[BlackElo "2263"]
[PlyCount "81"]
[EventDate "2012.??.??"]

1. d4 Nf6 2. c4 g6 3. g3 c6 4. Bg2 d5 5. Nf3 Bg7 6. O-O O-O 7. cxd5 cxd5 8. Nc3
Ne4 9. Ne5 Nxc3 10. bxc3 Nc6 11. Qb3 Nxe5 12. dxe5 Bxe5 13. Bh6 Bg7 14. Bxg7
Kxg7 15. Bxd5 Qc7 16. Rab1 Rb8 17. Rfd1 b6 18. Rd4 Bb7 19. c4 e6 20. Bxb7 Rxb7
21. Qe3 e5 22. Rh4 f6 23. Rd1 Qc5 24. Qf3 Rc7 25. Rd5 Qe7 26. Qd3 Rf7 27. Re4
Rd7 28. f4 Rxd5 29. Qxd5 Qb4 30. fxe5 Qe1+ 31. Kg2 f5 32. Re3 f4 33. Rf3 Qxe2+
34. Rf2 f3+ 35. Qxf3 Qxc4 36. Qxf7+ Qxf7 37. Rxf7+ Kxf7 38. Kf3 Ke6 39. Ke4 b5
40. Kd4 a6 41. Kc5 1/2-1/2

[Event "SR 1. liga zapad 2012/2013"]
[Site "?"]
[Date "2013.02.03"]
[Round "7.2"]
[White "Vass, Frantisek"]
[Black "Straka, Jozef 1994"]
[Result "1-0"]
[WhiteElo "2292"]
[BlackElo "2348"]
[PlyCount "87"]
[EventDate "2012.??.??"]

1. d4 Nf6 2. Bg5 Ne4 3. h4 h6 4. Bf4 e6 5. f3 Bb4+ 6. c3 Bd6 7. Bxd6 Nxd6 8. e4
b6 9. Bd3 Bb7 10. Nd2 Nc6 11. Qc2 e5 12. d5 Ne7 13. Ne2 c5 14. f4 Ng6 15. h5
Nxf4 16. Nxf4 exf4 17. e5 Nc8 18. c4 O-O 19. O-O-O b5 20. Rdf1 Qe7 21. Nf3 bxc4
22. Qxc4 Nb6 23. Qxf4 f5 24. Nh4 Nxd5 25. Nxf5 Qg5 26. Qxg5 hxg5 27. h6 g6 28.
h7+ Kh8 29. Nd6 Nf4 30. Rxf4 Rxf4 31. Nxb7 Re8 32. Nd6 Rxe5 33. Bxg6 Re7 34.
Rd1 Rf6 35. Bc2 Rf2 36. g4 Rf4 37. Bf5 Rf2 38. Rd2 Rf1+ 39. Kc2 Ra1 40. Kb3 Rh1
41. Rc2 Rh3+ 42. Ka4 Kg7 43. Be4 Rxe4+ 44. Nxe4 1-0